MDQL
is popping MORE tags! Check the
thread
!
Quizzes
Events
Quiz Creation
Community
Videos
Private Events
Remove Ads
Sign In
Join for FREE
Feedback
Dark Mode
Quiz Categories
Sports
Geography
Music
Movies
Television
Just For Fun
Miscellaneous
History
Literature
Language
Science
Gaming
Entertainment
Religion
Holiday
For Kids
Quiz Lab
Recent
Popular Today
Quiz Kudos Today
Editor Picks
Curator Picks
Quizzes by...
Day
Popularity
Type
Ratings
Length
Year
Community
Subscriptions
Recent Discussions
Orange Saloon
Badges
Playlists
Quests
Create
Leaderboards
Showdown
Live 5
Trivia Bingo
Activity
Puzzle Library
Sporcle Events
Private Events
Virtual Trivia
Globe League
Become a Host
Pub Owners
SporcleCon
Opinionation
Our Games
Videos
Blog
Mobile Apps
Partnerships
Remove Ads and Go Orange
Feedback
Just For Fun
Clickable
Get the Picture
Humor
Quick Pick
Word Ladder
Missing Word
Mixed Word
Blitz
Minefield
This or That
Alphabet
Color
Typing
Sporcle
Puzzle
Word Play
Follow That Line
Logic
Just For Fun
Clickable
Get the Picture
Humor
Quick Pick
Word Ladder
Missing Word
Mixed Word
Blitz
Minefield
This or That
Alphabet
Color
Typing
Sporcle
Puzzle
Word Play
Follow That Line
Logic
Random Quiz
Search Sporcle
×
Quiz Lab
Quiz Lab
Just For Fun
Type in answers that appear in a list
Type in answers that appear in a list
Classic
Best Score? Go Orange.
Bartram Trivia Stats
Can you name the Bartram Trivia?
By
Lhost8jm
5m
26 Questions
3 Plays
3 Plays
3 Plays
Comments
Comments
Give Quiz Kudos
Give Quiz Kudos
-
- Ratings
hide this ad
More Info
Random Order
Randomize order of answers
Randomize order of answers
Replay
Link that replays current quiz
Next Quiz
Link to next quiz in quiz playlist
You Got
0%
They Got
Avg Score
48%
Avg Friend Score
Upgrade to see
Score Distribution
Jump to the score distribution portion of the page
Score
0/26
Timer
05:00
0
Plays Today
Know Your Bartram
% Correct
The shifting of 'plates' underneath the earth's surface?
plate tectonics
100%
Ms. Maloney is from this place?
Buffalo
66.7%
What does the 'm' stand for in y=mx+b
slope
66.7%
What is White and Black and READ all over?
a newspaper
66.7%
When a volcanoes erupts, what shoots out?
lava
66.7%
A tsunami recently hit this country...
Japan
66.7%
This country is ran by Qaddafi and currently at war...
Libya
66.7%
Sound travels in what?
waves
66.7%
What music group is Meek Millz part of?
Maybach
66.7%
What part of Philadelphia is Meek Millz from?
North
66.7%
How much wood could a wood chuck chuck if a wood chuck could chuck wood?
I don't know
66.7%
The teacher in room 305 is...
Turner
33.3%
Most of the fighting in World War I took place in...
Trenches
33.3%
Know Your Bartram
% Correct
If a line moves down as you move across a graph left to right, what kind of slope is it?
negative
33.3%
What located at (0,0) on a coordinate plane?
origin
33.3%
What type of car does Ms. Gentry drive
Yellow Bug
33.3%
What is Ms. Gentry's favorite flower?
sunflower
33.3%
What is it called when businesses compete to make money?
Capitalism
33.3%
What is the date of Mr. Hostetter's birthday?
April 13
33.3%
What is Ms. Foster's Room number?
309
33.3%
What is Ms. Foster's home school?
Bartram
33.3%
Who is the principal of the Freshman academy
Ms. Kwong
33.3%
Who is in charge of discipline in the C wing?
Chapman
33.3%
Who is Mr. Hostetter's favorite rapper?
Kanye
33.3%
Where is Pirak from?
Cambodia
33.3%
Where did we go on our first field trip?
Constitution Center
33.3%
Quiz Playlist
Details
Report
Send in Message
Add To Playlist
More Info:
Designed for our KIDS!
Classic:
Type in answers that appear in a list
Random Order:
Randomize order of answers
Last Updated: Feb 16, 2017
Quiz Scoreboard
CHALLENGE
Sign Up to Join the Scoreboard
Show All
Scores
Hide
Comments
May contain spoilers
Recently Published
Image Sorting: Flags VI
by Barbecue
Geography
2m
Find the 'City' Movie
by crazypaving
Movies
60s
Colored Red Africa Blitz
by spor1
Geography
45s
More to Explore
Quiz From the Vault
Featured Blog Post
14 Easter Pick-up Lines to Find Eggs With
hide this ad
You Might Also Like...
Tags
This quiz does not have any tags.
Today's Top Quizzes in Just For Fun
Browse Just For Fun
hide this ad
Top Contributed Quizzes in Just For Fun
1
Name Just One - 10 to 1: Just For Fun
2
Avatar the Last Airbender: Logic Puzzle
3
Missing Word: 2-Letter A-Z II
4
Missing Letter Whitney Houston Songs
5
It's Magic / Witchcraft 🎩🪄🧙♀️
6
Survivor Winners Logic Puzzle
7
Missing Word: 'Of' Things A-Z
8
01-36 Logic Puzzle I
9
Quick 5-Color Logic (18)
10
Shadowhunters Protagonists Logic Quiz
Explore More
Trending Topics
Marvel
Anime
Crossword
Kpop
Harry Potter
NBA
Disney
Soccer
The Office
WWE
Song
Country
Puzzle
NFL
Pokémon
hide this ad
More By:
Lhost8jm
Quiz
Plays
Rating
Category
Featured
Created
Bartram Trivia
3
Just For Fun
Apr 14, 2011
Go to Creator's Profile
Score Distribution
Quiz Creator Spotlight
Lhost8jm
Follow
Send a Message
Quizzes Created
-
Created Quiz Play Count
-
More By This Creator
Popular Quizzes Today
1
Colored Red Africa Blitz
2
Find the US States - No Outlines Minefield
3
Find the 'City' Movie
4
5x2 Blitz: Bands
5
The Countries of the World
6
Find the US States
7
Find the Countries of Europe - No Outlines Minefield
8
US States
More Just For Fun Quizzes
Get the Picture: 'C' Cartoons
Published
Trending Quizzes
Colored Red Europe Blitz I
Colored Red Europe Blitz II
Colored Red Africa Blitz II
Colored Red Europe Blitz III
Colored Red Africa Blitz III
Recently Updated
How Do You Spell That?
pecheneg
Godzilla Movies
pecheneg
Grab Bag: 4-10 Letters
pecheneg
2024 March Madness Bracket
pecheneg
Famous TV Couples
Peacemaker
Champions League XIs: Real Madrid
pecheneg
Largest US Cities 1790-2010
pecheneg
Rides in Walt Disney World
pecheneg
Most Oscar Losses (Acting)
pecheneg
Beyoncé Albums
pecheneg
Trending Topics
Marvel
Crossword
Kpop
Disney
Anime
NBA
Harry Potter
NFL
Country
Song
WWE
Pokémon
Soccer
The Office
Puzzle
Your Account Isn't Verified!
In order to create a playlist on Sporcle, you need to verify the email address you used during registration. Go to your
Sporcle Settings
to finish the process.
Report this User
Report this user for behavior that violates our
Community Guidelines
.
Details:
Send Report
Go to the Sporcle.com Mobile Site →
Comments